[Event "Gibraltar ChallWk2 9th"]
[Site "Gibraltar"]
[Date "2011.01.29"]
[Round "1.20"]
[White "Suez-Panama, Gilles"]
[Black "Mielke, Torsten"]
[Result "1-0"]
[WhiteElo "2096"]
[BlackElo "1875"]
[PlyCount "43"]
[EventDate "2011.01.29"]
[EventType "swiss"]
[EventRounds "5"]
[EventCountry "GGB"]
[SourceTitle "BritBase"]
[Source "www.saund.co.uk"]
[SourceDate "2018.02.10"]
[SourceVersion "1"]
[SourceVersionDate "2018.02.10"]
[SourceQuality "1"]

1. d4 d5 2. Nf3 Nf6 3. c4 Bf5 4. Nc3 e6 5. Qb3 Nc6 6. a3 dxc4 7. Qxc4 a6 8. b4
Nd7 9. e4 Nb6 10. Qd3 Bg6 11. Qe3 Be7 12. Bb2 Bh5 13. Rd1 O-O 14. Be2 Bxf3 15.
gxf3 Bg5 16. f4 Bh6 17. h4 Qf6 18. Bc1 e5 19. dxe5 Nxe5 20. fxe5 Qxe5 21. Qg3
Qe6 22. Rg1 1-0

[Event "Gibraltar ChallWk2 9th"]
[Site "Gibraltar"]
[Date "2011.01.29"]
[Round "1.23"]
[White "Salomon, Johan"]
[Black "Pendlebury, Ian G"]
[Result "1/2-1/2"]
[WhiteElo "1836"]
[BlackElo "2080"]
[PlyCount "78"]
[EventDate "2011.01.29"]
[EventType "swiss"]
[EventRounds "5"]
[EventCountry "GGB"]
[SourceTitle "BritBase"]
[Source "www.saund.co.uk"]
[SourceDate "2018.02.10"]
[SourceVersion "1"]
[SourceVersionDate "2018.02.10"]
[SourceQuality "1"]

1. e4 c6 2. Nc3 d5 3. Nf3 Bg4 4. h3 Bxf3 5. Qxf3 e6 6. d4 dxe4 7. Nxe4 Qxd4 8.
c3 Qb6 9. Bg5 Nd7 10. O-O-O Ngf6 11. Bxf6 gxf6 12. Nxf6+ Nxf6 13. Qxf6 Rg8 14.
Be2 Be7 15. Qf3 Rd8 16. Rxd8+ Bxd8 17. Rd1 Be7 18. Bc4 Qc5 19. Bb3 b5 20. Kb1
Rg5 21. Bc2 Rd5 22. Rxd5 cxd5 23. Bxh7 b4 24. Bg8 bxc3 25. Bxf7+ Kd7 26. Qe2
Qb6 27. Qxe6+ Qxe6 28. Bxe6+ Kxe6 29. bxc3 Bc5 30. f3 Kf5 31. Kc2 Kf4 32. Kd3
Kg3 33. a4 Kxg2 34. h4 Kxf3 35. h5 Bf8 36. Kd4 Bg7+ 37. Kxd5 Bxc3 38. Kc4 Bd2
39. Kb5 Kg4 1/2-1/2

[Event "Gibraltar ChallWk2 9th"]
[Site "Gibraltar"]
[Date "2011.01.29"]
[Round "1.24"]
[White "Montabord, Manuel"]
[Black "Hegvik, Leif Trygve"]
[Result "1-0"]
[WhiteElo "2063"]
[BlackElo "1814"]
[PlyCount "61"]
[EventDate "2011.01.29"]
[EventType "swiss"]
[EventRounds "5"]
[EventCountry "GGB"]
[SourceTitle "BritBase"]
[Source "www.saund.co.uk"]
[SourceDate "2018.02.10"]
[SourceVersion "1"]
[SourceVersionDate "2018.02.10"]
[SourceQuality "1"]

1. e4 e5 2. Nf3 Nc6 3. Bb5 a6 4. Ba4 Nf6 5. Qe2 b5 6. Bb3 d6 7. c3 Be7 8. O-O
O-O 9. Rd1 Na5 10. Bc2 c5 11. d4 cxd4 12. cxd4 Qc7 13. h3 Bd7 14. b3 Rac8 15.
Bd3 Nc6 16. dxe5 dxe5 17. Bb2 Rfd8 18. Nc3 Bc5 19. Rac1 Qb8 20. Nd5 Nxd5 21.
exd5 Nd4 22. Nxd4 Bxd4 23. Bb1 Rxc1 24. Rxc1 Qd6 25. Bxd4 exd4 26. Qd3 g6 27.
Qxd4 Bc6 28. Rd1 Re8 29. dxc6 Re1+ 30. Rxe1 Qxd4 31. c7 1-0

[Event "Gibraltar ChallWk2 9th"]
[Site "Gibraltar"]
[Date "2011.01.29"]
[Round "1.25"]
[White "Brookfield, Toby"]
[Black "Jameson, David"]
[Result "0-1"]
[WhiteElo "1793"]
[BlackElo "2054"]
[PlyCount "56"]
[EventDate "2011.01.29"]
[EventType "swiss"]
[EventRounds "5"]
[EventCountry "GGB"]
[SourceTitle "BritBase"]
[Source "www.saund.co.uk"]
[SourceDate "2018.02.10"]
[SourceVersion "1"]
[SourceVersionDate "2018.02.10"]
[SourceQuality "1"]

1. e4 e5 2. f4 d5 3. exd5 exf4 4. Nf3 Nf6 5. Be2 Nxd5 6. c4 Nf6 7. O-O Nc6 8.
Nc3 Bc5+ 9. Kh1 O-O 10. Na4 Bd4 11. d3 Be3 12. Bxe3 fxe3 13. d4 Re8 14. d5 Ne7
15. Qd3 b5 16. Ng5 h6 17. Nxf7 Kxf7 18. Qh7 Nf5 19. Rxf5 Bxf5 20. Qxf5 bxa4 21.
Rf1 g6 22. Bh5 Rg8 23. Qe6+ Kg7 24. Be2 Re8 25. Qh3 Rb8 26. Qg3 Qd6 27. Qf3
Rxb2 28. c5 Qe5 0-1

[Event "Gibraltar ChallWk2 9th"]
[Site "Gibraltar"]
[Date "2011.01.29"]
[Round "1.26"]
[White "Hamer, Martyn"]
[Black "Haddock, Paul"]
[Result "1-0"]
[WhiteElo "2041"]
[BlackElo "1757"]
[PlyCount "77"]
[EventDate "2011.01.29"]
[EventType "swiss"]
[EventRounds "5"]
[EventCountry "GGB"]
[SourceTitle "BritBase"]
[Source "www.saund.co.uk"]
[SourceDate "2018.02.10"]
[SourceVersion "1"]
[SourceVersionDate "2018.02.10"]
[SourceQuality "1"]

1. e4 c5 2. c3 d5 3. exd5 Qxd5 4. d4 Nf6 5. Nf3 e6 6. Na3 a6 7. Nc4 Qd8 8. Bg5
Nbd7 9. Be2 b5 10. Nce5 Bb7 11. O-O cxd4 12. cxd4 Be7 13. Rc1 Rc8 14. a4 Rxc1
15. Qxc1 bxa4 16. Nc6 Bxc6 17. Qxc6 O-O 18. Qxa4 Qb6 19. b3 Rb8 20. Bc4 h6 21.
Bd2 Bb4 22. Bxb4 Qxb4 23. Qxa6 Nb6 24. Ne5 Rc8 25. Qb7 Rf8 26. Nc6 Qd6 27. Qxb6
Rc8 28. Bb5 Ne4 29. Qb7 Rc7 30. Ne7+ Rxe7 31. Qxe4 g6 32. Ra1 Rc7 33. g3 Qb4
34. Qe5 Rc8 35. Bc4 Qd2 36. d5 exd5 37. Qxd5 Qb2 38. Qxf7+ Kh8 39. Re1 1-0

[Event "Gibraltar ChallWk2 9th"]
[Site "Gibraltar"]
[Date "2011.01.29"]
[Round "1.27"]
[White "Rough, Robert E"]
[Black "Heaton, Paul"]
[Result "1-0"]
[WhiteElo "1742"]
[BlackElo "2027"]
[PlyCount "93"]
[EventDate "2011.01.29"]
[EventType "swiss"]
[EventRounds "5"]
[EventCountry "GGB"]
[SourceTitle "BritBase"]
[Source "www.saund.co.uk"]
[SourceDate "2018.02.10"]
[SourceVersion "1"]
[SourceVersionDate "2018.02.10"]
[SourceQuality "1"]

1. e4 c5 2. Nc3 d6 3. f4 Nf6 4. Nf3 g6 5. Bb5+ Nc6 6. O-O Bg7 7. d3 O-O 8. Bxc6
bxc6 9. Qe1 h6 10. Qh4 Kh7 11. Ng5+ Kg8 12. Nf3 Rb8 13. Rb1 Nh7 14. Bd2 e6 15.
Qxd8 Rxd8 16. Nd1 f5 17. Bc3 Ba6 18. Re1 Nf6 19. Nf2 Kf7 20. a3 Rb6 21. Ba5
Rdb8 22. Bxb6 Rxb6 23. e5 Ne8 24. exd6 Nxd6 25. Ne5+ Bxe5 26. fxe5 Nb5 27. c3
Nc7 28. c4 Rb8 29. b4 cxb4 30. Rxb4 Rd8 31. Reb1 g5 32. Rd1 Kg6 33. g4 fxg4 34.
Nxg4 h5 35. Ne3 Rd4 36. Rb2 Na8 37. Rf2 Nb6 38. Rf6+ Kg7 39. Rxe6 Kf7 40. Rd6
Rh4 41. Rf1+ Ke8 42. Rff6 Bc8 43. Rxc6 Rh3 44. c5 Rxe3 45. cxb6 Bg4 46. bxa7
Re1+ 47. Rf1 1-0

[Event "Gibraltar ChallWk2 9th"]
[Site "Gibraltar"]
[Date "2011.01.29"]
[Round "1.28"]
[White "Rios Gonzalez, Jose Antonio"]
[Black "Yarur Elsaca, Daniel"]
[Result "1-0"]
[WhiteElo "2025"]
[BlackElo "1730"]
[PlyCount "76"]
[EventDate "2011.01.29"]
[EventType "swiss"]
[EventRounds "5"]
[EventCountry "GGB"]
[SourceTitle "BritBase"]
[Source "www.saund.co.uk"]
[SourceDate "2018.02.10"]
[SourceVersion "1"]
[SourceVersionDate "2018.02.10"]
[SourceQuality "1"]

1. d4 d5 2. c4 Bf5 3. Nc3 e6 4. Nf3 Nf6 5. Bg5 Bb4 6. Qa4+ Nc6 7. Ne5 O-O 8.
Nxc6 Bxc3+ 9. bxc3 bxc6 10. Bxf6 Qxf6 11. Qxc6 Rab8 12. f3 Rb6 13. Qxc7 Rfb8
14. c5 Rb2 15. g3 Qh6 16. Qf4 Qg6 17. Bg2 h6 18. O-O Qf6 19. e4 g5 20. Qe3 Bg6
21. Qd3 Qe7 22. Rab1 dxe4 23. fxe4 Rxg2+ 24. Kxg2 Rd8 25. Qe3 Qd7 26. Rbd1 Qc6
27. d5 exd5 28. exd5 Rxd5 29. Rxd5 Qxd5+ 30. Kg1 Qxa2 31. Qd4 Qe2 32. c6 Be4
33. Qf2 Qc4 34. Qxa7 Bxc6 35. Qd4 Qa2 36. Qd8+ Kg7 37. Qf6+ Kf8 38. Qxc6 Qa7+
1-0

[Event "Gibraltar ChallWk2 9th"]
[Site "Gibraltar"]
[Date "2011.01.29"]
[Round "1.29"]
[White "Mathon, Dimitrij"]
[Black "Haga, Halvor"]
[Result "0-1"]
[WhiteElo "1727"]
[BlackElo "2024"]
[PlyCount "40"]
[EventDate "2011.01.29"]
[EventType "swiss"]
[EventRounds "5"]
[EventCountry "GGB"]
[SourceTitle "BritBase"]
[Source "www.saund.co.uk"]
[SourceDate "2018.02.10"]
[SourceVersion "1"]
[SourceVersionDate "2018.02.10"]
[SourceQuality "1"]

1. d4 f5 2. Nf3 Nf6 3. Bg5 e6 4. Nc3 d5 5. e3 c5 6. Bb5+ Bd7 7. Bxd7+ Nbxd7 8.
Ne5 Be7 9. Nxd7 Nxd7 10. Bxe7 Qxe7 11. dxc5 O-O 12. Qd4 Nxc5 13. Qe5 Nd7 14.
Qd4 Qg5 15. g3 Qh5 16. Ne2 Rfc8 17. Kd2 Rc4 18. Qd3 Nc5 19. Qa3 Ne4+ 20. Ke1
Rxc2 0-1

[Event "Gibraltar ChallWk2 9th"]
[Site "Gibraltar"]
[Date "2011.01.29"]
[Round "1.30"]
[White "Zanetti, Bruno"]
[Black "Savage, Neil"]
[Result "1-0"]
[WhiteElo "2017"]
[BlackElo "1682"]
[PlyCount "31"]
[EventDate "2011.01.29"]
[EventType "swiss"]
[EventRounds "5"]
[EventCountry "GGB"]
[SourceTitle "BritBase"]
[Source "www.saund.co.uk"]
[SourceDate "2018.02.10"]
[SourceVersion "1"]
[SourceVersionDate "2018.02.10"]
[SourceQuality "1"]

1. d4 Nf6 2. c4 g6 3. Nc3 d5 4. Bg5 Ne4 5. Bh4 Nxc3 6. bxc3 dxc4 7. Qa4+ Qd7 8.
Qxc4 b6 9. Nf3 Bg7 10. Bg3 Na6 11. e3 c5 12. h4 e6 13. Ne5 Qe7 14. Qa4+ Bd7 15.
Nxd7 Qxd7 16. Bb5 1-0

[Event "Gibraltar ChallWk2 9th"]
[Site "Gibraltar"]
[Date "2011.01.29"]
[Round "1.31"]
[White "Goodfellow, Russell"]
[Black "Lochte, Szilvia"]
[Result "1-0"]
[WhiteElo "1720"]
[BlackElo "2015"]
[PlyCount "39"]
[EventDate "2011.01.29"]
[EventType "swiss"]
[EventRounds "5"]
[EventCountry "GGB"]
[SourceTitle "BritBase"]
[Source "www.saund.co.uk"]
[SourceDate "2018.02.10"]
[SourceVersion "1"]
[SourceVersionDate "2018.02.10"]
[SourceQuality "1"]

1. e4 d6 2. d4 g6 3. h4 Bg7 4. h5 c5 5. dxc5 Qa5+ 6. c3 Qxc5 7. Be3 Qc7 8. h6
Bf8 9. Na3 Bd7 10. Qd4 e5 11. Qd2 Nf6 12. f3 Be7 13. g4 Bc6 14. Bd3 d5 15. g5
Bxa3 16. gxf6 Bd6 17. exd5 Bxd5 18. Bxg6 fxg6 19. Qxd5 Rf8 20. Qe6+ 1-0

[Event "Gibraltar ChallWk2 9th"]
[Site "Gibraltar"]
[Date "2011.01.29"]
[Round "1.32"]
[White "Spence, David J"]
[Black "Kelly, Paul J"]
[Result "1-0"]
[WhiteElo "2231"]
[BlackElo "1924"]
[PlyCount "72"]
[EventDate "2011.01.29"]
[EventType "swiss"]
[EventRounds "5"]
[EventCountry "GGB"]
[SourceTitle "BritBase"]
[Source "www.saund.co.uk"]
[SourceDate "2018.02.10"]
[SourceVersion "1"]
[SourceVersionDate "2018.02.10"]
[SourceQuality "1"]

1. e4 e6 2. d4 d5 3. Nc3 Bb4 4. e5 b6 5. Qg4 Bf8 6. Bg5 Qd7 7. h4 h6 8. Bd2 Ne7
9. h5 c5 10. Nf3 Nf5 11. dxc5 bxc5 12. Bb5 Nc6 13. Qa4 Bb7 14. g4 Nfe7 15. Qf4
a6 16. Ba4 Nc8 17. Rh3 Nb6 18. Bxc6 Bxc6 19. b3 a5 20. g5 Qe7 21. a4 c4 22.
gxh6 cxb3 23. hxg7 Bxg7 24. h6 b2 25. Rb1 Kd7 26. Rxb2 Nc4 27. Rb3 Nxd2 28.
Kxd2 Bf8 29. Nd4 Kc7 30. Ncb5+ Bxb5 31. Nxb5+ Kd7 32. Nd6 Ra7 33. h7 f6 34. Qd4
Rc7 35. Rhc3 Bh6+ 36. Kd1 Ra8 1-0

[Event "Gibraltar ChallWk2 9th"]
[Site "Gibraltar"]
[Date "2011.01.30"]
[Round "2.1"]
[White "Henriksson, Johan"]
[Black "Suez-Panama, Gilles"]
[Result "1-0"]
[WhiteElo "2243"]
[BlackElo "2096"]
[PlyCount "61"]
[EventDate "2011.01.29"]
[EventType "swiss"]
[EventRounds "5"]
[EventCountry "GGB"]
[SourceTitle "BritBase"]
[Source "www.saund.co.uk"]
[SourceDate "2018.02.10"]
[SourceVersion "1"]
[SourceVersionDate "2018.02.10"]
[SourceQuality "1"]

1. d4 Nf6 2. Nf3 c5 3. c4 e6 4. g3 Nc6 5. Bg2 cxd4 6. Nxd4 Bc5 7. Nb3 Bb4+ 8.
Bd2 Qe7 9. Nc3 O-O 10. O-O Ne5 11. a3 Bxc3 12. Bxc3 Nxc4 13. Bb4 d6 14. Qd4 a5
15. Qxc4 axb4 16. Qxb4 Rd8 17. Rfd1 Ne8 18. Rac1 Kf8 19. Na5 d5 20. e4 Qxb4 21.
axb4 d4 22. e5 f6 23. f4 d3 24. Kf2 Rd4 25. Rc4 Rxc4 26. Nxc4 Bd7 27. Nb6 Rd8
28. Rxd3 Ke7 29. Rxd7+ Rxd7 30. Nxd7 Kxd7 31. Bxb7 1-0

[Event "Gibraltar ChallWk2 9th"]
[Site "Gibraltar"]
[Date "2011.01.30"]
[Round "2.2"]
[White "Montabord, Manuel"]
[Black "Spence, David J"]
[Result "0-1"]
[WhiteElo "2063"]
[BlackElo "2231"]
[PlyCount "82"]
[EventDate "2011.01.29"]
[EventType "swiss"]
[EventRounds "5"]
[EventCountry "GGB"]
[SourceTitle "BritBase"]
[Source "www.saund.co.uk"]
[SourceDate "2018.02.10"]
[SourceVersion "1"]
[SourceVersionDate "2018.02.10"]
[SourceQuality "1"]

1. e4 e6 2. d3 d5 3. Qe2 Nf6 4. Nf3 Be7 5. g3 c5 6. Bg2 Nc6 7. O-O b5 8. e5 Nd7
9. h4 a5 10. Bf4 b4 11. Nbd2 O-O 12. Rfe1 a4 13. a3 bxa3 14. bxa3 Rb8 15. h5
Ba6 16. h6 g6 17. Nf1 Nd4 18. Nxd4 cxd4 19. Nh2 Rb2 20. Bc1 Rb7 21. Qg4 Qc7 22.
Bg5 Nxe5 23. Qh4 Bxg5 24. Qxg5 f6 25. Qd2 Rb2 26. Rac1 Bc8 27. Bh3 Qb6 28. Qe2
Re8 29. f4 Nc4 30. Nf1 Nxa3 31. f5 Kf7 32. Qg2 Qd6 33. Qf2 Nb5 34. fxe6+ Bxe6
35. Bxe6+ Rxe6 36. Rxe6 Qxe6 37. Re1 Qd6 38. Re2 Rb1 39. Kg2 a3 40. Nd2 a2 41.
Nb3 Rxb3 0-1

[Event "Gibraltar ChallWk2 9th"]
[Site "Gibraltar"]
[Date "2011.01.30"]
[Round "2.3"]
[White "Jameson, David"]
[Black "Elishev, Ivan"]
[Result "1-0"]
[WhiteElo "2054"]
[BlackElo "2226"]
[PlyCount "147"]
[EventDate "2011.01.29"]
[EventType "swiss"]
[EventRounds "5"]
[EventCountry "GGB"]
[SourceTitle "BritBase"]
[Source "www.saund.co.uk"]
[SourceDate "2018.02.10"]
[SourceVersion "1"]
[SourceVersionDate "2018.02.10"]
[SourceQuality "1"]

1. d4 Nf6 2. c4 g6 3. Nc3 d5 4. Nf3 Bg7 5. Bf4 O-O 6. Rc1 c5 7. dxc5 Be6 8. e3
Qa5 9. Nd4 Ne4 10. Qa4 Qxa4 11. Nxa4 Bd7 12. Bxb8 Raxb8 13. Nc3 Nxc3 14. Rxc3
e5 15. Nf3 d4 16. Ra3 dxe3 17. fxe3 Ra8 18. Be2 a5 19. Kf2 h6 20. Rd1 Be6 21.
Rb3 Ra7 22. Rd6 Rc8 23. Rb5 Kh7 24. Rdb6 Rc7 25. c6 bxc6 26. Rc5 e4 27. Nd4 Bd7
28. a4 Ra8 29. Nb5 Rcc8 30. Nd6 Bf8 31. Nxe4 Bxc5 32. Nxc5 Be8 33. Bf3 Rcb8 34.
Rxb8 Rxb8 35. b3 f5 36. e4 fxe4 37. Bxe4 Kg7 38. Ke3 Kf6 39. g3 g5 40. Bc2 Ke5
41. Be4 h5 42. h4 g4 43. Bc2 Rb4 44. Nd3+ Kd6 45. Nxb4 axb4 46. Kf4 Kc5 47. Ke5
Bf7 48. Kf6 Bg8 49. a5 Kd6 50. Bf5 c5 51. Kg7 Ke5 52. Kxg8 Kxf5 53. a6 Ke4 54.
a7 Kf3 55. a8=Q+ Kxg3 56. Qh1 Kf2 57. Qh2+ Kf3 58. Qg1 g3 59. Qxc5 Kg4 60. Qd4+
Kh3 61. c5 Kh2 62. Qxb4 g2 63. Qf4+ Kh1 64. Qf3 Kh2 65. Qxg2+ Kxg2 66. c6 Kg3
67. c7 Kxh4 68. c8=Q Kg3 69. Qc3+ Kg4 70. Qd4+ Kg3 71. Qe5+ Kg4 72. Qe2+ Kg5
73. b4 h4 74. Qf3 1-0

[Event "Gibraltar ChallWk2 9th"]
[Site "Gibraltar"]
[Date "2011.01.30"]
[Round "2.4"]
[White "Hamer, Martyn"]
[Black "Vea, Odin Blikra"]
[Result "1/2-1/2"]
[WhiteElo "2041"]
[BlackElo "2214"]
[PlyCount "109"]
[EventDate "2011.01.29"]
[EventType "swiss"]
[EventRounds "5"]
[EventCountry "GGB"]
[SourceTitle "BritBase"]
[Source "www.saund.co.uk"]
[SourceDate "2018.02.10"]
[SourceVersion "1"]
[SourceVersionDate "2018.02.10"]
[SourceQuality "1"]

1. e4 c5 2. c3 Nf6 3. e5 Nd5 4. d4 cxd4 5. cxd4 e6 6. Nf3 Be7 7. Nc3 Nxc3 8.
bxc3 Nc6 9. Bd3 d6 10. O-O dxe5 11. dxe5 O-O 12. Qe2 Bd7 13. Rd1 Qc7 14. h4 f5
15. exf6 Rxf6 16. Qe4 g6 17. h5 Raf8 18. Bh6 R8f7 19. Ng5 Rf4 20. Nxe6 Bxe6 21.
Bxf4 Qxf4 22. Qxe6 Qxf2+ 23. Kh1 Qh4+ 24. Qh3 Qxh3+ 25. gxh3 Ne5 26. hxg6 hxg6
27. Be4 Rf2 28. Bxb7 g5 29. Rf1 Rb2 30. Bd5+ Kg7 31. Rae1 Bf6 32. Rf5 Nd3 33.
Ref1 Nf4 34. Bb3 Kg6 35. Rxf6+ Kxf6 36. h4 Kf5 37. hxg5 Kxg5 38. Rc1 Kg4 39.
Rc2 Rb1+ 40. Kh2 Re1 41. c4 Re7 42. c5 Kf3 43. Rc3+ Kf2 44. Rc2+ Ne2 45. Kh3
Kf3 46. Bd5+ Kf4 47. Kg2 Ke3 48. Bc4 Rg7+ 49. Kh3 Nd4 50. Rc3+ Kf4 51. Bd5 Rg5
52. c6 Nb5 53. c7 Nxc7 54. Rxc7 Rxd5 55. Rxa7 1/2-1/2

[Event "Gibraltar ChallWk2 9th"]
[Site "Gibraltar"]
[Date "2011.01.30"]
[Round "2.6"]
[White "Haga, Halvor"]
[Black "Lanier, Nicholas"]
[Result "1-0"]
[WhiteElo "2024"]
[BlackElo "2203"]
[PlyCount "75"]
[EventDate "2011.01.29"]
[EventType "swiss"]
[EventRounds "5"]
[EventCountry "GGB"]
[SourceTitle "BritBase"]
[Source "www.saund.co.uk"]
[SourceDate "2018.02.10"]
[SourceVersion "1"]
[SourceVersionDate "2018.02.10"]
[SourceQuality "1"]

1. e4 e5 2. Nf3 Nc6 3. Bb5 f5 4. O-O fxe4 5. Bxc6 bxc6 6. Nxe5 Nf6 7. d3 Bd6 8.
Nc4 Ba6 9. Nxd6+ cxd6 10. Re1 d5 11. dxe4 dxe4 12. Qd6 Kf7 13. Bg5 Re8 14. Nd2
Qb8 15. Qa3 e3 16. Bxe3 Ng4 17. Qb3+ d5 18. Qxb8 Raxb8 19. b3 Nxe3 20. Rxe3 d4
21. Rxe8 Rxe8 22. Nf3 c5 23. Re1 Be2 24. Nd2 a5 25. f3 d3 26. cxd3 Bxd3 27.
Rxe8 Kxe8 28. Kf2 Ke7 29. Ke3 Bc2 30. Ne4 Bb1 31. a3 Ba2 32. Nxc5 Kd6 33. Nb7+
Kc6 34. Nxa5+ Kb5 35. b4 Bd5 36. Kd4 Ba8 37. Nc4 h5 38. h4 1-0

[Event "Gibraltar ChallWk2 9th"]
[Site "Gibraltar"]
[Date "2011.01.30"]
[Round "2.9"]
[White "Georgieva, Emilia"]
[Black "Kandic, Milan"]
[Result "1/2-1/2"]
[WhiteElo "1907"]
[BlackElo "2143"]
[PlyCount "116"]
[EventDate "2011.01.29"]
[EventType "swiss"]
[EventRounds "5"]
[EventCountry "GGB"]
[SourceTitle "BritBase"]
[Source "www.saund.co.uk"]
[SourceDate "2018.02.10"]
[SourceVersion "1"]
[SourceVersionDate "2018.02.10"]
[SourceQuality "1"]

1. d4 d6 2. Nf3 Nd7 3. c3 c5 4. e3 Ngf6 5. Be2 g6 6. O-O Bg7 7. b3 O-O 8. Bb2
b6 9. Nbd2 Bb7 10. c4 Ne4 11. Nxe4 Bxe4 12. Ng5 Bb7 13. Bf3 Qc7 14. Bxb7 Qxb7
15. Qf3 Qxf3 16. Nxf3 Rfd8 17. Rfd1 Rac8 18. Rd2 a6 19. d5 b5 20. Bxg7 Kxg7 21.
e4 bxc4 22. bxc4 Rb8 23. Rc2 Rb7 24. Kf1 Rdb8 25. Ke2 Rb2 26. Rac1 Kf6 27. Kd3
g5 28. h3 h5 29. Kc3 R2b4 30. g4 hxg4 31. hxg4 Rh8 32. Rg1 Rh3 33. Rg3 Rh1 34.
Kd2 a5 35. a3 Rbb1 36. Ke2 a4 37. Nd2 Rhe1+ 38. Kd3 Ne5+ 39. Kc3 Ra1 40. Kb2
Rad1 41. Kc3 Rg1 42. Rxg1 Rxg1 43. f3 Rg3 44. Kb2 Kg6 45. Rc3 Rh3 46. Kc2 Rh1
47. Kb2 Rh2 48. Kc1 Kf6 49. Kd1 Rh3 50. Kc2 Ng6 51. Re3 Nf4 52. e5+ dxe5 53.
Ne4+ Kg6 54. Nxc5 Rh2+ 55. Kc3 Ne2+ 56. Kb4 f6 57. Kxa4 Nd4 58. Ne6 Rc2 1/2-1/2

[Event "Gibraltar ChallWk2 9th"]
[Site "Gibraltar"]
[Date "2011.01.30"]
[Round "2.10"]
[White "Carlsten, Peter"]
[Black "Rough, Robert E"]
[Result "1-0"]
[WhiteElo "2110"]
[BlackElo "1742"]
[PlyCount "57"]
[EventDate "2011.01.29"]
[EventType "swiss"]
[EventRounds "5"]
[EventCountry "GGB"]
[SourceTitle "BritBase"]
[Source "www.saund.co.uk"]
[SourceDate "2018.02.10"]
[SourceVersion "1"]
[SourceVersionDate "2018.02.10"]
[SourceQuality "1"]

1. e4 d5 2. exd5 Qxd5 3. Nc3 Qd6 4. d4 Nf6 5. Nf3 c6 6. h3 Bf5 7. Be3 Nbd7 8.
Qd2 e6 9. Nh4 Bg6 10. Nxg6 hxg6 11. O-O-O Be7 12. a3 Qc7 13. Kb1 O-O 14. Be2
Nd5 15. Nxd5 cxd5 16. h4 Nf6 17. h5 gxh5 18. Bxh5 Ne4 19. Qd3 Qc4 20. Qxc4 dxc4
21. Bf3 Nd6 22. Bf4 Rfd8 23. d5 exd5 24. Bxd5 Rac8 25. Rh3 Nf5 26. Rdh1 Nh6 27.
Bxb7 Rc5 28. Be3 Rb5 29. Ba6 1-0

[Event "Gibraltar ChallWk2 9th"]
[Site "Gibraltar"]
[Date "2011.01.30"]
[Round "2.11"]
[White "Annetts, Ivor S"]
[Black "Dasaolu, Adeoye"]
[Result "0-1"]
[WhiteElo "1890"]
[BlackElo "2107"]
[PlyCount "76"]
[EventDate "2011.01.29"]
[EventType "swiss"]
[EventRounds "5"]
[EventCountry "GGB"]
[SourceTitle "BritBase"]
[Source "www.saund.co.uk"]
[SourceDate "2018.02.10"]
[SourceVersion "1"]
[SourceVersionDate "2018.02.10"]
[SourceQuality "1"]

1. e4 d5 2. exd5 Qxd5 3. Nc3 Qa5 4. d4 c6 5. h3 Nf6 6. Bd2 Qb6 7. Nf3 Bf5 8.
Rb1 e6 9. Bf4 Nbd7 10. Bd3 Bg6 11. Qd2 Bb4 12. O-O Qa5 13. a3 Be7 14. Qe2 O-O
15. Bxg6 hxg6 16. Rfe1 Nd5 17. Nxd5 cxd5 18. Ne5 Nf6 19. Qd3 Rac8 20. c3 a6 21.
f3 b5 22. g4 Qd8 23. Kg2 Nd7 24. Re2 Nxe5 25. Bxe5 Rc6 26. Bg3 g5 27. Rbe1 Qb6
28. Re5 Bf6 29. R5e2 a5 30. Be5 Be7 31. f4 f6 32. fxg5 fxe5 33. Qg6 e4 34. Qh5
e5 35. g6 Rxg6 36. Qxe5 Qe6 37. Qg3 Bd6 38. Qh4 Qf6 0-1

[Event "Gibraltar ChallWk2 9th"]
[Site "Gibraltar"]
[Date "2011.01.30"]
[Round "2.13"]
[White "Zygouris, Hristos"]
[Black "Phillips, Owen S"]
[Result "1-0"]
[WhiteElo "2215"]
[BlackElo "1992"]
[PlyCount "97"]
[EventDate "2011.01.29"]
[EventType "swiss"]
[EventRounds "5"]
[EventCountry "GGB"]
[SourceTitle "BritBase"]
[Source "www.saund.co.uk"]
[SourceDate "2018.02.10"]
[SourceVersion "1"]
[SourceVersionDate "2018.02.10"]
[SourceQuality "1"]

1. e4 e6 2. d4 d5 3. Nd2 Nf6 4. e5 Nfd7 5. c3 c5 6. f4 Nc6 7. Ndf3 cxd4 8. cxd4
a5 9. Bd3 a4 10. Ne2 Nb6 11. Nc3 Bd7 12. O-O g6 13. Kh1 a3 14. b3 Nc8 15. Be3
Qa5 16. Rc1 Nb4 17. Be2 Be7 18. Qd2 Na7 19. Bf2 Nb5 20. Na4 b6 21. Be1 Na7 22.
Rc7 Kd8 23. Rb7 Bxa4 24. Rxe7 Kxe7 25. Qxb4+ Qxb4 26. Bxb4+ Kd7 27. bxa4 Nc6
28. Bb5 h6 29. Bxa3 Ra5 30. Rc1 Rxb5 31. axb5 Na5 32. Nd2 Ra8 33. Bd6 Nc4 34.
Nxc4 dxc4 35. a3 Ra5 36. Rxc4 Rxb5 37. h3 h5 38. Rc7+ Ke8 39. Kg1 h4 40. Kf2
Rb2+ 41. Kf3 Rb3+ 42. Ke4 Rg3 43. Re7+ Kf8 44. Rxe6+ Kg7 45. Re8 Rxg2 46. Be7
f5+ 47. exf6+ Kf7 48. Rf8+ Ke6 49. d5+ 1-0

[Event "Gibraltar ChallWk2 9th"]
[Site "Gibraltar"]
[Date "2011.01.30"]
[Round "2.14"]
[White "Urbina Perez, Juan Antonio"]
[Black "Campbell, Ian"]
[Result "1-0"]
[WhiteElo "2189"]
[BlackElo "2000"]
[PlyCount "85"]
[EventDate "2011.01.29"]
[EventType "swiss"]
[EventRounds "5"]
[EventCountry "GGB"]
[SourceTitle "BritBase"]
[Source "www.saund.co.uk"]
[SourceDate "2018.02.10"]
[SourceVersion "1"]
[SourceVersionDate "2018.02.10"]
[SourceQuality "1"]

1. e4 g6 2. d4 Bg7 3. c3 d6 4. Nf3 Nd7 5. Bd3 b6 6. O-O Bb7 7. Qa4 e6 8. d5 e5
9. c4 Ne7 10. Nc3 O-O 11. a3 h6 12. Ne1 a5 13. Qc2 Nc5 14. Rb1 Bc8 15. Be3 f5
16. f3 f4 17. Bf2 g5 18. Be2 Bd7 19. b4 axb4 20. axb4 Nb7 21. Nd3 Ng6 22. c5
bxc5 23. bxc5 Na5 24. c6 Bc8 25. Ra1 h5 26. Ra2 g4 27. Rfa1 Qg5 28. Rxa5 Rxa5
29. Rxa5 g3 30. Be1 Nh4 31. Bf1 Bh3 32. Qe2 Rf6 33. gxh3 gxh2+ 34. Kxh2 Rg6 35.
Bf2 Ng2 36. Ra8+ Kh7 37. Ne1 Ne3 38. Nd1 Bh6 39. Rc8 Rg7 40. Nxe3 fxe3 41. Qxe3
Qf6 42. Qa7 Bf4+ 43. Kh1 1-0

[Event "Gibraltar ChallWk2 9th"]
[Site "Gibraltar"]
[Date "2011.01.30"]
[Round "2.15"]
[White "Hauge, Lars Oskar"]
[Black "Seyfried, Claus"]
[Result "0-1"]
[WhiteElo "1942"]
[BlackElo "2173"]
[PlyCount "68"]
[EventDate "2011.01.29"]
[EventType "swiss"]
[EventRounds "5"]
[EventCountry "GGB"]
[SourceTitle "BritBase"]
[Source "www.saund.co.uk"]
[SourceDate "2018.02.10"]
[SourceVersion "1"]
[SourceVersionDate "2018.02.10"]
[SourceQuality "1"]

1. e4 e5 2. Nf3 Nf6 3. Nxe5 d6 4. Nf3 Nxe4 5. d4 d5 6. Bd3 Be7 7. O-O O-O 8.
Re1 Bf5 9. c4 c6 10. cxd5 cxd5 11. Nc3 Nxc3 12. bxc3 Bxd3 13. Qxd3 Nc6 14. Bf4
Qd7 15. Ne5 Nxe5 16. dxe5 Rac8 17. Be3 Bc5 18. Bd4 Bxd4 19. cxd4 Rc4 20. Red1
Rfc8 21. Rab1 Qa4 22. g3 b6 23. Rd2 Qd7 24. Kg2 Rc3 25. Qb5 Qf5 26. h3 h5 27.
Qf1 h4 28. f3 Qg5 29. Qf2 hxg3 30. Qe2 Re3 31. Qd1 Rcc3 32. Rb3 Rxf3 33. Rxc3
Rxc3 34. Rc2 Qe3 0-1